000 00412nam a2200157Ia 4500
008 210716s1997 xx 000 0 und d
020 _a8122409547
041 _aeng
082 _a519.4 RAOG
100 _aRao, G Shanker.
245 _aNumerical analysis.
250 _a5
260 _aNew Delhi
_bNew Age International Pvt Ltd
_c1997
300 _axiv,372/2018
650 _aApplied Numerical Analysis(519.4)
999 _c196060
_d196060